| 000 | 01060nam0a2200313 4500 | ||
|---|---|---|---|
| 001 | RU\NLR\bibl\7248 | ||
| 005 | 20260406042740.0 | ||
| 010 |
_a5-15-000883-4 _918000 |
||
| 021 |
_aRU _b98-10240 _9486 |
||
| 035 | _a(NLR Aleph) 000007067 | ||
| 090 |
_a21534 _c21534 |
||
| 100 | _a19981106d1998 |||y0rusy50 ca | ||
| 101 | 1 |
_arus _ceng |
|
| 102 | _aRU | ||
| 105 | _a||||||||||||| | ||
| 200 | 1 |
_aЛюбовные хроники: Люк Маккензи _eРоман _fЭйна Ли _g[Пер. с англ. М.В.Келер] |
|
| 210 |
_aМ. _cАСТ _d1998 |
||
| 215 |
_a478 с. _d20 |
||
| 225 | 1 | _aОчарование | |
| 300 | _aЗагл. и авт. ориг.: The Mackenzies. Luke / Ana Leigh | ||
| 454 | 0 |
_12001#$aThe Mackenzies. Luke$fAna Leigh _tThe Mackenzies. Luke |
|
| 686 | _aШ6(7США)67-440.4 | ||
| 700 | 1 |
_4070 _8rus _7ca _aЛи _bЭ. _gЭйна _3RU\NLR\auth\772921 _9112928 |
|
| 801 | 0 |
_aRU _bNLR _c19981106 _gPSBO |
|
| 801 | 1 |
_aRU _bNLR _c19981106 |
|
| 852 |
_aNLR _j98-3/2977 |
||
| 942 | _cBOOK | ||
| 980 | _aNB | ||